| 000 | 00453nam a2200145 a 4500 | ||
|---|---|---|---|
| 001 | 000034994 | ||
| 005 | 20200930074032.0 | ||
| 008 | 111024s1938 xxub 000 0 spa d | ||
| 040 |
_aDO-SdBNP _bspa _cBNPHU |
||
| 082 |
_axxx _bB366c |
||
| 100 | 1 |
_aBeals, Carleton _960603 |
|
| 245 | 1 | 0 |
_aThe coming struggle for Latin America / _cCarleton Beals. |
| 260 |
_aPhiladelphia ; _aNew York : _bJ. B. Lippincott Company, _c1938. |
||
| 300 |
_a401 p. : _bmap. ; _c21 cm. |
||
| 999 |
_c34485 _d34485 |
||